| 000 | 00863nam a22002775a 4500 | ||
|---|---|---|---|
| 008 | 080908t2002 maua|||frb||| 00| 0 eng d | ||
| 010 | _a 2001131522 | ||
| 020 | _a0618133941 | ||
| 020 | _a9780618133949 | ||
| 040 |
_aEG-ScBUE _beng _cEG-ScBUE |
||
| 082 | 0 | 4 |
_a330.09 _bLAN _222 |
| 100 | 1 |
_aLandreth, Harry. _930902 |
|
| 245 | 1 | 0 |
_aHistory of economic thought / _cHarry Landreth, David C. Colander. |
| 250 | _a4th ed. | ||
| 260 |
_aBoston : _bHoughton Mifflin,2002 _c2002. |
||
| 300 |
_axxiii, 511 p. : _bill. ; _c24 cm. |
||
| 500 | _aIndex :p.(501-511) | ||
| 504 | _aIncludes bibliographical references | ||
| 590 | _aMenna Elemam | ||
| 650 | 0 |
_aEconomics-- _xHistory. _2BUEsh |
|
| 650 | 0 |
_aEconomische filosofie. _2BUEsh. |
|
| 651 | _2BUEsh | ||
| 653 |
_bBUSECO _cAugust2015 |
||
| 700 | 1 | _aColander, David C. | |
| 942 |
_cBB _k330.09 LAN _2ddc |
||
| 999 |
_c2364 _d2364 |
||